Un ladrón en casa / (Registro nro. 12038)

Detalles MARC
000 -LIDER
fixed length control field 01023nam a22003497b 4500
001 - NÚMERO DE CONTROL
Identificador de número de control 016576
003 - IDENTIFICACDOR DE NÚMERO DE CONTROL
control field DO-SdBNP
005 - DATE AND TIME OF LATEST TRANSACTION
control field 20180213095744.0
007 - CAMPOS FIJOS DE DESCRIPCIÓN FÍSICA
fixed length control field 016576
008 - ELEMENTOS DE LONGITUD FIJA
fixed length control field 010306s2001 sp | ||| ||spa
016 7# - NO. DE CONTROL DE LA AGENCIA BIB. NACIONAL
Record control number
Source BPMSU
017 ## - NÚMERO DE REGISTRO DE DERECHOS DE AUTOR
Copyright or legal deposit number
Assigning agency
020 ## - ISBN
International Standard Book Number 8434870576
035 ## - NÚMERO LOCAL
System control number (OCoLC)
040 ## - FUENTE DE CATALOGACIÓN
Agencia que crea de manera original el registro BPMSU
Idioma de catalogación spa
Agencia que realiza la transcripción BPMSU
Convenciones de la despripción
041 1# - CÓDIGOS DE OBRAS TRADUCIDAS O EN VARIOS IDIOMAS
Código del idioma del texto/archivo de sonido o separata spa
Cód. del idioma original y/o traducciones intermedias del texto
080 #0 - NÚMERO DE CLASIFICACIÓN DECIMAL UNIVERSAL
Universal Decimal Classification number
100 1# - ASIENTO PRINCIPAL -- NOMBRE PERSONAL
Nombre personal Kromhout, Rindert
Fechas asociadas con el nombre 1958-
240 10 - TITULO UNIFORME
Título uniforme Een dief in huis
Idioma de una obra Español
245 13 - MENCIÓN DE TITULO
Título Un ladrón en casa /
Mención de responsabilidad Rindert Kromhout ; ilustraciones de Javier Aramburu ; traducción Nadine Beliën
Medio (Designación general de material)
250 ## - MENCIÓN DE EDICION
Mención de edición 2a. ed.
260 ## - PUBLICACIÓN, DISTRIBUCIÓN, ETC. (PIE DE IMPRENTA)
Lugar de publicación, distribución, etc Madrid :
Nombre del editor, distribuidor, etc. SM
Fecha de publicación, distribución, etc 2001
300 ## - DESCRIPCIÓN FÍSICA
Extensión 60 p. :
Otros detalles físicos il. ;
Dimensiones 19 cm
440 #3 - MENCIÓN DE SERIE/ENTRADA SECUNDARIA--TÍTULO
Título El barco de vapor.
Nombre de la parte o sección de una obra Serie blanca
Número de volumen/designación secuencial 81
490 ## - MENCIÓN DE SERIES
Mención de serie El barco de vapor.;
-- blanca
Volume/sequential designation 81
700 1# - ASIENTO SECUNDARIO -- NOMBRE PERSONAL
Nombre personal Aramburu, Javier
Mención de responsabilidad tr.
700 1# - ASIENTO SECUNDARIO -- NOMBRE PERSONAL
Nombre personal Aramburu, Javier
Mención de responsabilidad ils.
830 ## - ASIENTO SECUNDARIO DE SERIE--TÍTULO UNIFORME
Título uniforme El barco de vapor.;
Nombre de la parte o sección de una obra blanca
Volume number/sequential designation 81
942 ## - ADDED ENTRY ELEMENTS (KOHA)
Source of classification or shelving scheme Dewey Decimal Classification
Koha item type Libros
945 ## - INFORMACIÓN DE PROCESAMIENTO LOCAL
Información de procesamiento local Inventariado, 2018 / BT
956 ## - LOCAL ELECTRONIC LOCATION AND ACCESS (OCLC)
Nombre de host VMATEO
Número de acceso 10
Información de compresión 20161123
Trayectoria BPMSU
Nombre Electrónico 0069
Existencias
Withdrawn status Lost status Source of classification or shelving scheme Damaged status Not for loan Collection code Home library Current library Date acquired Source of acquisition Total Checkouts Barcode Date last seen Price effective from Koha item type
    Dewey Decimal Classification     Colección Infantil General Biblioteca Pública Metropolitana Salomé Ureña Biblioteca Pública Metropolitana Salomé Ureña 11/23/2016 FUNDI   BPMSU16111489 11/23/2016 11/23/2016 Libros